| 000 | 00449nam a22001457a 4500 | ||
|---|---|---|---|
| 082 |
_a624.18341 _bERI _cL-19, P-33 |
||
| 100 |
_aEriksen B. _943201 |
||
| 245 | _aTheory and practice of structural design, applied tp reinforced concrete. | ||
| 250 | _a1st ed. | ||
| 260 |
_aGreat Britain. _bButler & Tanner Ltd. _c1953 |
||
| 300 |
_avi, 399 p. : _bill. : _c56 Cm |
||
| 526 |
_a0 _b0 _c0 _d624_183410000000000_ERI |
||
| 650 |
_aMCE _9379 |
||
| 942 |
_2ddc _cBK |
||
| 999 |
_c547004 _d547004 |
||